Shtetet e Botës-Shqip - Statistics

General Stats
  • This quiz has been taken 121 times
  • The average score is 56 of 196
Answers on the Map
Answers color-coded by a green-red scale on the quiz's map according to % correct below.
 
Answer Stats
Shtetet % Correct
Shqipëria
74%
Franca
72%
Kosova
72%
Kanada
71%
Rusia
71%
Greqia
69%
Kina
67%
Brazili
66%
Italia
66%
Mali
66%
Spanja
66%
Gjermania
64%
Austria
62%
Turqia
62%
Meksika
60%
Rumania
60%
Serbia
60%
Australia
59%
Mali i Zi
59%
Norvegjia
59%
Polonia
59%
India
57%
Kroacia
57%
Portugalia
57%
Suedia
57%
Irani
55%
Japonia
55%
Ukraina
55%
Bullgaria
53%
Danimarka
53%
Maqedonia e Veriut
53%
Sllovenia
53%
Argjentina
52%
Finlanda
52%
SHBA
52%
Sllovakia
52%
Belgjika
50%
Irlanda
50%
Islanda
50%
Pakistani
50%
Estonia
48%
Iraki
48%
Kazakistani
48%
Holanda
47%
Lituania
47%
Arabia Saudite
45%
Mongolia
45%
Hungaria
43%
Letonia
43%
Siria
43%
Andorra
41%
Moldavia
41%
Peru
41%
Venezuela
41%
Çekia
40%
Egjipti
40%
Kili
40%
Kuba
40%
Malta
40%
Afganistani
38%
Armenia
38%
Izrael
38%
Zvicrra
38%
Katar
36%
Vatikani
36%
Bangladeshi
34%
Kolumbia
34%
Bjellorusia
33%
Kosta Rika
33%
Niger
33%
Bosnja dhe Hercegovina
31%
Ekuadori
31%
Indonezia
31%
Maroku
31%
Turkmenistani
31%
Vietnami
31%
Algjeria
29%
Panama
29%
Afrika e Jugut
28%
Bolivia
28%
Jemeni
28%
Libia
28%
Luksemburgi
28%
Nepali
28%
Nigeria
28%
Omani
28%
San Marino
28%
Senegali
28%
Gana
26%
Jordania
26%
Koreja e Jugut
26%
Koreja e Veriut
26%
Qipro
26%
Uruguaji
26%
Zelanda e Re
26%
Azerbajxhani
24%
Laosi
24%
Sudani
24%
Uzbekistani
24%
Gjeorgjia
22%
Haiti
22%
Monako
22%
Nikaragua
22%
Paraguaji
22%
Tailanda
22%
Taivani
22%
El Salvadori
21%
Guatemala
21%
Hondurasi
21%
Libani
21%
Mbretëria e Bashkuar
21%
Somalia
21%
Taxhikistani
21%
Angola
19%
Butani
19%
Dominika
19%
Guinea
19%
Kuvajti
19%
Lihtenshtajni
19%
Nauru
19%
Tanzania
19%
Zambia
19%
Çadi
17%
Etiopia
17%
Filipinet
17%
Fixhi
17%
Gambia
17%
Kamboxhia
17%
Malajzia
17%
Maldivet
17%
Xhamajka
17%
Belizi
16%
Brunei
16%
Kameruni
16%
Kirgistani
16%
Madagaskari
16%
Namibia
16%
Shri Lanka
16%
Singapori
16%
Surinami
16%
Tunizia
16%
Burundi
14%
Eritrea
14%
Liberia
14%
Samoa
14%
Togo
14%
Tonga
14%
Tuvalu
14%
Benini
12%
Burkina Faso
12%
Burma
12%
Emiratet e Bashkuara Arabe
12%
Gaboni
12%
Grenada
12%
Kiribati
12%
Malavi
12%
Palau
12%
Vanuatu
12%
Zimbabve
12%
Barbadosi
10%
Guajana
10%
Guinea-Bisau
10%
Ishujt Marshall
10%
Kenia
10%
Lesoto
10%
Republika Dominikane
10%
Ruanda
10%
Sierra Leone
10%
Botsvana
9%
Guinea e Re
9%
Ishujt Solomon
9%
Mozambiku
9%
Republika Demokratike e Kongos
9%
Shën Lucia
9%
Sudani Jugor
9%
Uganda
9%
Esvatini
7%
Mauritania
7%
Republika e Kongos
7%
Antigua dhe Barbuda
5%
Xhibouti
5%
Bahamet
3%
Bahreini
3%
Bregu i Fildishtë
3%
Sao Tome dhe Príncipe
3%
Shën Vincent dhe Grenadinet
3%
Timori Lindor
3%
Trinidadi dhe Tobago
3%
Federata of e Mikronezisë
2%
Komoret
2%
Republika e Afrikës Qendrore
2%
Shën Kits dhe Nevis
2%
Guinea Ekuatoriale
0%
Ishujt Mauritius
0%
Kepi i Gjelbër
0%
Sejshellet
0%
No matching quizzes found
Score Distribution
Percent of People with Each Score
Percentile by Number Answered
Your Score History
You have not taken this quiz